|
|
|
|
| LEADER |
01096nam a22003137a 4500 |
| 001 |
37742 |
| 003 |
BD-DhAAL |
| 008 |
220220t1984 bg 000 0 eng d |
| 999 |
|
|
|c 43544
|d 43544
|
| 010 |
|
|
|a 86902505
|
| 020 |
|
|
|c Tk75.00
|
| 025 |
|
|
|a B E 4544
|
| 040 |
|
|
|a DLC
|c DLC
|d DLC
|d BD-DhAAL
|
| 041 |
1 |
|
|a engben
|
| 050 |
0 |
0 |
|a MLCS 86/10014 (P)
|
| 082 |
|
|
|a 821
|2 23
|
| 100 |
1 |
|
|a Tagore, Rabindranath,
|d 1861-1941.
|9 45938
|
| 245 |
1 |
0 |
|a Noibedya =
|b Altar offering /
|c Rabindranath Tagore ; translation by Brother James.
|
| 260 |
|
|
|a Dhaka :
|b Khaleda Akhtar,
|c c1984.
|
| 300 |
|
|
|a 4, 100 pages ;
|c 19 cm.
|
| 500 |
|
|
|a Poems.
|
| 500 |
|
|
|a Translation of: Naibedya.
|
| 526 |
|
|
|a BIED
|
| 541 |
|
|
|a Complimentary copy from BIED
|e 37742
|
| 650 |
|
|
|a Poetry.
|9 45939
|
| 700 |
|
|
|a James, Brother
|9 45940
|
| 852 |
|
|
|a Ayesha Abed Library
|c BIED Collection
|
| 942 |
|
|
|2 ddc
|c BK
|
| 952 |
|
|
|0 0
|1 0
|2 ddc
|4 0
|6 821_000000000000000_TAG
|7 0
|9 69846
|a BRACUL
|b BRACUL
|c GEN
|d 2022-02-20
|e Complimentary copy from BIED
|l 0
|o 821 TAG
|p 3010037742
|r 2022-02-20
|t 1
|w 2022-02-20
|y BK
|x Transferred from BIED to General Stacks
|